| 000 | 00403 a2200145 4500 | ||
|---|---|---|---|
| 005 | 20250626072634.0 | ||
| 020 | _a0-07-252367-0 | ||
| 082 | _a54678APP | ||
| 100 | _aAPPLEGATE, L. M. | ||
| 245 | _aCreating Business Advantages in the Information Age, | ||
| 260 |
_aNew York, _bMcGraw- Hill, _c2002. |
||
| 300 |
_axvi, 412p,: ill.; figure, table _bIndex _c24cm |
||
| 700 | _aAUSTIN, R. D. | ||
| 942 |
_2ddc _cBKS |
||
| 999 |
_c5213 _d5213 |
||